LEADER 01131nam a2200253 u 4500 001 000000109043 003 CaOOAMICUS 005 20080118153840.0 008 080114s2008 enka u000 u eng u 020 $z978-0-7007-1200-7* 040 $aPUL$bita$dLDB 245 00$aEncyclopedia of Taoism /$cedited by Fabrizio Pregadio. 260 $aLondon ;$aNew York :$bRoutledge,$c2008. 300 $a2v. :$bill. ;$c25 cm. 504 $aInclude bibliografia ed indici. 650 4$aTaoismo.$0(OLS)http://pul/subject/17026 700 1 $aPregadio, Fabrizio.$0(OLS)http://pul/name/66775 850 $aPUL 852 $aPUL$W1$xSL Religione 3$y85$m299. 51 PREFA 1.1$j124457$av. 1$qDDC 21$B123284$CPULBib$Z2$F123284 $H105906 $82 852 $aPUL$W1$xSL Religione 3$y85$m299. 51 PREFA 1.2$j124672$av. 2$qDDC 21$B123422$CPULBib$Z2$F123422 $H105907 $82 941 1 $a9 996 $6020$z978-0-7007-1200-7*$9(OLS)http://pul/number/136718 996 $6245$aEncyclopedia of Taoism$9(OLS)http://pul/title/137201 996 $6260$aLondon ;$aNew York :$bRoutledge$9(OLS)http://pul/publisher/52469 LEADER 01221nam a2200313 u 4500 001 000000078178 003 CaOOAMICUS 005 20070226123412.0 008 040329s1998 it u000 u ita u 020 $a8870785114 035 $a10988806 040 $aMSA$bita 041 1 $aita$heng 100 1 $aSearle, John R.$0(OLS)http://pul/name/36109 240 10$aMistery of consciousness.$lItaliano.$0(OLS)http://pul/title/102445 245 13$aIl mistero della coscienza /$cJohn R. Searle. 260 $aMilano :$bR. Cortina,$c1998. 300 $axv, 197 p. ;$c23 cm 490 1 $aScienza e idee 500 $aTraduzione di Eddy Carli. 650 4$aCoscienza.$0(OLS)http://pul/subject/5039 650 4$aCervello.$0(OLS)http://pul/subject/4549 830 0$aScienza e idee (Raffaello Cortina).$0(OLS)http://pul/title/60185 850 $aPUL 852 $aPUL$W1$xSL Filosofia 3$y81$m128. 2 SEAJO 2$j100293$nBK-PRI$b $qDDC 21$B100293$CPULBib$Z2$F100293 $HPUL95385 $81 941 1 $a9 996 $6020$a8870785114$9(OLS)http://pul/number/102505 996 $6245$aIl mistero della coscienza$9(OLS)http://pul/title/102446 996 $6260$aMilano :$bR. Cortina$9(OLS)http://pul/publisher/52064